LEADER 01358nam a2200301 4500 001 000000331530 003 CaOOAMICUS 005 20181206110607.0 008 181205s2008 fr 000 u fre r 020 $a978-2-85008-568-0 040 $aSeMil$bita 100 1 $aBeauté, Jean.$0(OLS)http://semarc/name/108629 245 10$aCourants de la pédagogie /$cJean Beauté. 250 $a6. ed 264 1$aLyon :$bChronique sociale,$c2008. 300 $a184 p. ;$c22 cm 490 1 $aPédagogie/formation 500 $aIn copertina: Les pionniers, la motivation, le travail par objectif, l'évaluation, les concepts-clés, la vie mentale, une éthique de l'enseignant, les attitudes éducatives 650 4$aPedagogia - Metodologia.$0(OLS)http://semarc/subject/47934 650 4$aPedagogia - Sec. 20.$0(OLS)http://semarc/subject/6211 650 4$aMetodo psicologico.$0(OLS)http://semarc/subject/35439 830 0$aPédagogie/Formation.$0(OLS)http://semarc/title/420252 850 $aSeMil 852 $aSeMil$W1$xVenegono$y1$m2Q VII 263$j210189$B223680$CSeMilBibl$Z2$F223680 $81 996 $6020$a978-2-85008-568-0$9(OLS)http://semarc/number/285785 996 $6245$aCourants de la pédagogie$9(OLS)http://semarc/title/420253 996 $6264$aLyon :$bChronique sociale$9(OLS)http://semarc/publisher/58045 LEADER 01357nam a2200289 i 4500 001 000000178959 003 CaOOAMICUS 005 20090905000000.0 008 090905s1996 it u000 u ita u 013 $a156534 020 $a88-215-3153-4 040 $aSeMil$bita 100 1 $aPascal, Blaise,$d<1623-1662>.$0(OLS)http://semarc/name/4925 245 13$aLa ragione e le ragioni del cuore :$bil Memoriale e 108 Pensieri scelti da Carlo Bo /$cBlaise Pascal ; traduzione e note di Gennaro Auletta. 260 $aCinisello Balsamo :$bSan Paolo,$c1996. 300 $a94 p. ;$c18 cm. 490 0 $aPinnacoli ;$v1 650 4$aPascal, Blaise <1623-1662> - Opere.$0(OLS)http://semarc/subject/2292 700 1 $aBo, Carlo,$d<1911-2001>.$0(OLS)http://semarc/name/7656 700 1 $aAuletta, Gennaro,$c.$0(OLS)http://semarc/name/17920 830 0$aPinnacoli ;$v1.$0(OLS)http://semarc/title/8032 850 $aSeMil 852 $aSeMil$W1$xVenegono$y1$m2P I 836$j129725$B129725$CSeMilBibl$Z2$F144036 $81 961 $aRecupero: Seminario di Seveso 996 $6020$a88-215-3153-4$9(OLS)http://semarc/number/274168 996 $6245$aLa ragione e le ragioni del cuore :$bil Memoriale e 108 Pensieri scelti da Carlo Bo$9(OLS)http://semarc/title/408995 996 $6260$aCinisello Balsamo :$bSan Paolo$9(OLS)http://semarc/publisher/30129